000 00472nam a22001697a 4500
999 _c163
_d163
005 20210910110001.0
008 160428b xxu||||| |||| 00| 0 eng d
020 _a0-07-463981-1
041 _aeng
082 _b00573
_a004.678
100 _aYoung, Margaret Levine
_94084
245 _aInternet : The complete Reference: INTERNET MILLENNIUM EDITION
260 _aNew Delhi
_bTMH Publ.co.Ltd.
_c2003
300 _a956
650 _aInformation Technology
_9137
942 _cBK